عرض عادي
عرض مارك
- Hepatitis C
دخول Topical Term
001 - CONTROL NUMBER
- control field: 20374
003 - CONTROL NUMBER IDENTIFIER
- control field: AE-AdECS
005 - DATE AND TIME OF LATEST TRANSACTION
- control field: 20250923110126.0
008 - FIXED-LENGTH DATA ELEMENTS
- fixed length control field: 250923|| aca||aabn | a|a d
040 ## - CATALOGING SOURCE
- Original cataloging agency: AE-AdECS
- Transcribing agency: AE-AdECS
150 ## - HEADING--TOPICAL TERM
- Topical term or geographic name entry element: Hepatitis C
- General subdivision: Treatment
- General subdivision: Prices
- Geographic subdivision: United States
670 ## - SOURCE DATA FOUND
- Source citation: Work cat.: (AE-AdECS)292142: Roy, Victor, 1986- author 20370, Capitalizing a cure :
